Where Did These Bands Originate? - Statistics

General Stats
  • This quiz has been taken 20 times
  • The average score is 12 of 16
Answer Stats
Hint Answer % Correct
U2 Dublin
100%
The Beatles Liverpool
100%
Coldplay London
100%
Red Hot Chili Peppers Los Angeles
100%
Bob Marley and the Wailers Kingston
95%
ABBA Stockholm
95%
Aerosmith Boston
89%
AC/DC Sydney
89%
Foreigner New York City
84%
Daft Punk Paris
84%
Rush Toronto
74%
Heart Seattle
68%
Blackpink Seoul
53%
The Cranberries Limerick
26%
Paramore Franklin
11%
Green Day Rodeo
5%
No matching quizzes found
Score Distribution
Percent of People with Each Score
Percentile by Number Answered
Your Score History
You have not taken this quiz